Statistics for Countries by Communist Representation in the National Legislature

Click here to take the quiz!

General Stats

  • This quiz has been taken 32 times
  • The average score is 17 of 26

Answer Stats

Largest Communist PartyPercentage of Legislature Seats Held by Largest Communist PartyCountry% Correct
Communist Party of ___71.1%China
100%
Communist Party of _____100%Cuba
100%
Communist Party of _____97.2%Vietnam
93%
___ People's Revolutionary Party96.3%Laos
90%
Communist Party of ____9.7%Russia
87%
Communist Party of ____2.8%France
83%
Communist Party of ___ (Marxist)1.1%India
80%
United Socialist Party of ______79.1%Venezuela
73%
Commons3.6%Colombia
70%
Communist Party of ____ (Unified Marxist-Leninist)35.6%Nepal
70%
Communist Party of ____16.1%Belarus
67%
Communist Party of ____1.5%Brazil
67%
Free ____28.5%Peru
67%
Communist Party of ____5.0%Greece
63%
Broad Front42.6%Uruguay
63%
Apruebo Dignidad20.5%Chile
60%
Economic Freedom Fighters11.2%South Africa
60%
People's Liberation Front1.3%Sri Lanka
57%
Electoral Bloc of Communists and Socialists31.7%Moldova
53%
____ Communist Party3.0%Japan
50%
Red Party4.7%Norway
50%
____ Communist Party2.6%Portugal
50%
Workers Party of _____1.1%Bangladesh
47%
____ Communist Party (Bakdash)1.2%Syria
40%
Progressive Party of Working People26.8%Cyprus
30%
Communist Party of ____2.1%Tajikistan
30%

Score Distribution

Percentile by Number Answered

Percent of People with Each Score

Your Score History

You have not taken this quiz